Normal view MARC view

Entry Personal Name

Number of records used in: 2

001 - CONTROL NUMBER

  • control field: 51985

003 - CONTROL NUMBER IDENTIFIER

  • control field: dpl

005 - DATE AND TIME OF LATEST TRANSACTION

  • control field: 20120904112104.0

008 - FIXED-LENGTH DATA ELEMENTS

  • fixed length control field: 120904|||a|||||| | ||| d

040 ## - CATALOGING SOURCE

  • Original cataloging agency: dpl
  • Transcribing agency: dpl

100 ## - HEADING--PERSONAL NAME

  • Personal name: Jalan, Bimal

670 ## - SOURCE DATA FOUND

  • Source citation: Work cat.: (dpl)25228: Jalan, Bimal, The future of India:, 2006

670 ## - SOURCE DATA FOUND

  • Source citation: Work cat.: (dpl)25228: Jalan, Bimal, The future of India:, 2006

© Delhi Public Library
Hit Counter
free hit counter